| 000 | 04163nam a2200301 i 4500 | ||
|---|---|---|---|
| 001 | 16298 | ||
| 003 | DO-SdUEMH | ||
| 005 | 20260130211335.0 | ||
| 007 | ta | ||
| 008 | 211105s2002||||dr |||gr|||| 0|| | spa d | ||
| 040 |
_aDO-SdUEMH _bspa _erda |
||
| 041 | _aspa | ||
| 082 | 1 | 4 |
_aRD346.0178 A696A 2002 _mRD _bA696 |
| 084 | _b08-00176 | ||
| 100 | 1 |
_aARIAS, LUIS _eaut |
|
| 245 | 0 |
_aLa Adopción Nacional e Internacional de Menores y su Aplicación en el Sistema Jurídico Dominicano / _cArias Luis |
|
| 260 | _c2002 | ||
| 264 | 1 |
_aSanto Domingo, República Dominicana : _bCentenario, S. A., _c2002 |
|
| 264 | 4 | _c©2002 | |
| 300 |
_avi, 318 páginas : _c23 cm. |
||
| 336 |
_2rdacontent _atexto _btxt |
||
| 337 |
_2rdamedia _asin mediación _bn |
||
| 338 |
_2rdacarrier _avolumen _bnc |
||
| 504 | _aContiene Información Bibliográfica a Final de la Obra. | ||
| 505 | 2 | _aprimera parte la adopción: su dimensión nacional -- evolución de la adopción: antecedentes -- reglamentación de la adopción en la roma antigua -- la adrogación -- la adopción propiamente dicha -- evolución de la adopción tras la caída del imperio romano -- evolución de la adopción a partir del siglo xx -- la adopción en el régimen legislativo dominicano: evolución -- tipos o clases de adopción -- adopción testamentaria -- adopción plena o privilegiada -- adopción simple -- adopción internacional -- adopción remuneratoria -- adopción pública -- adopción de expósitos -- otras denominaciones afines -- adopción conjunta e individual -- el estado de abandono de un menor a la luz de la adopción -- noción de abandono en la legislación -- abandono físico o material y abandono moral -- concepto de la adopción -- naturaleza jurídica de la adopción -- la adopción vista como un contrato -- la adopción vista como un acto -- la adopción vista como una institución -- definiciones de la adopción en la doctrina y en la legislación -- segunda parte la adopción de menores: su dimensión nacional -- condiciones de la adopción -- condiciones de fondo de la adopción -- condiciones de edad -- edad del adoptante -- edad máxima del adoptante -- diferencia de edad entre adoptante y adoptado -- edad del adoptado -- circunstancias que eximen la observancia de las condiciones de edad -- condiciones de consentimiento -- consentimiento del adoptante -- consentimiento del adoptado o de los padres del adoptado -- consentimiento del adoptado menor a partir de determinada edad -- intervención de los parientes del adoptante o del adoptado en el acto de adopción -- obstáculos para la adopción -- presencia de descendientes del adoptante -- adopciones simultáneas o sucesivas por un mismo adoptante -- adopción por el tutor -- adopción acumulativa -- adopción del hijo extramatrimonial -- adopción de personas de sexos diferentes y de hermanos -- necesidad de que el adoptante haya cuidado del adoptado -- condiciones de forma de la adopción o procedimiento de la adopción -- el acto de adopción -- solicitud de adopción -- documentos que deben acompañar la solicitud de adopción -- intervención de la autoridad judicial -- momento a partir del cual comienza a producir efecto el decreto o sentencia de adopción -- formalidades posteriores a la decisión del tribunal -- efectos de la adopción -- efectos de aplicación común a todo tipo de adopción -- apellido y nombre del adoptado -- patria potestad -- efectos exclusivos de la adopción simple -- derechos deberes y parentesco resultantes de la adopción simple -- revocabilidad de la adopción simple -- efectos exclusivos de la adopción plena -- ruptura del vínculo consanguíneo -- filiación del adoptado plenamente -- derechos y obligaciones del adoptado por adopción plena -- irrevocabilidad de la adopción plena -- conversión de la adopción simple en plena -- derecho del adoptado a conocer su origen -- nulidad de la adopción -- adopción internacional de menores -- concepto y origen de la adopción internacional de menores -- eventos internacionales referentes a la adopción como antecedentes de la adopción internacional. | |
| 942 |
_2ddc _cBK _n0 |
||
| 999 |
_c16298 _d16298 |
||